| 000 | 01621cam a2200265 4500 | ||
|---|---|---|---|
| 001 | 7708 | ||
| 005 | 20181127184204.0 | ||
| 008 | 040802s2005 enka b 001 0 eng | ||
| 010 | _a 2004054072 | ||
| 020 | _a184376394X (cased) | ||
| 020 | _a1845422082 (pbk.) | ||
| 082 | 0 | 0 |
_a339 _222 |
| 100 | 1 | _aSnowdon, Brian. | |
| 245 | 1 | 0 |
_aModern macroeconomics : _bits origins, development and current state / _cBrian Snowdon, Howard R. Vane. |
| 260 |
_aCheltenham, UK ; _aNorthhampton, MA : _bE. Elgar, _cc2005. |
||
| 300 |
_axviii, 807 p. : _bill. ; _c24 cm. |
||
| 504 | _aIncludes bibliographical references (p. 708-790) and indexes. | ||
| 505 |
_aContents: Preface 1. Understanding Modern Macroeconomics 2. Keynes v. the `Old' Classical Model 3. The Orthodox Keynesian School 4. The Orthodox Monetarist School 5. The New Classical School 6. The Real Business Cycle School 7. The New Keynesian School 8. The Post Keynesian School 9. The Austrian School 10. The New Political Macroeconomics 11. The Renaissance of Economic Growth Research 12. Conclusions and Reflections Bibliography Index _g _r _t |
||
| 520 | _aErudite, accessible and lucidly written, this book is both a stimulating introduction and excellent guide to the controversies and diversity of modern macroeconomic debates. It will prove invaluable for students on undergraduate and postgraduate courses who want to understand as well as simply learn about macroeconomics. | ||
| 650 | 0 | _aComparative economics. | |
| 650 | 0 | _aKeynesian economics. | |
| 650 | 0 | _aMacroeconomics. | |
| 700 | 1 | _aVane, Howard R. | |
| 999 |
_c6610 _d6610 |
||